| 000 | 00626nam a2200217Ia 4500 | ||
|---|---|---|---|
| 003 | OSt | ||
| 005 | 20230511164459.0 | ||
| 008 | 210423s1975 xx 000 0 und d | ||
| 040 | _cAL | ||
| 041 | _aeng | ||
| 082 |
_a910.3 _223 _bGOVG |
||
| 100 |
_aGOVERNMENT OF India _9103995 |
||
| 245 | _aGazetteer of India: Indian union Vol 3; economic structure and activities | ||
| 260 |
_aND _bGovernment Of India _c1975 |
||
| 300 |
_a1278 _bHB |
||
| 365 |
_b90 _cINR |
||
| 440 | _v2 | ||
| 650 |
_aGeography _9103996 |
||
| 906 | _aactivities ; economic ; Gazetteer ; India: ; Indian ; structure ; union ; Vol | ||
| 942 |
_2ddc _cBK |
||
| 999 |
_c172101 _d172101 |
||